Actes de la Commune de Paris pendant la Révolution. (Record no. 22671)
[ view plain ]
| 000 -LEADER | |
|---|---|
| fixed length control field | 02217cam a22003251 4500 |
| 001 - CONTROL NUMBER | |
| control field | f 01001925 |
| 003 - CONTROL NUMBER IDENTIFIER | |
| control field | DLC |
| 005 - DATE AND TIME OF LATEST TRANSACTION | |
| control field | 20260227111241.0 |
| 008 - FIXED-LENGTH DATA ELEMENTS--GENERAL INFORMATION | |
| fixed length control field | 770317m18941898fr 000 0 fre |
| 010 ## - LIBRARY OF CONGRESS CONTROL NUMBER | |
| LC control number | f 01001925 |
| 035 ## - SYSTEM CONTROL NUMBER | |
| System control number | (OCoLC)2811889 |
| 040 ## - CATALOGING SOURCE | |
| Original cataloging agency | DLC |
| Transcribing agency | MNS |
| Modifying agency | MNS |
| -- | OCoLC |
| -- | DLC |
| 050 00 - LIBRARY OF CONGRESS CALL NUMBER | |
| Classification number | DC194.A2 |
| Item number | C7f |
| 051 ## - LIBRARY OF CONGRESS COPY, ISSUE, OFFPRINT STATEMENT | |
| Classification number | DC194.A2 |
| Item number | C7f |
| Copy information | Index |
| 110 2# - MAIN ENTRY--CORPORATE NAME | |
| Corporate name or jurisdiction name as entry element | Commune de Paris (France : 1789-1794) |
| 245 10 - TITLE STATEMENT | |
| Title | Actes de la Commune de Paris pendant la Révolution. |
| Statement of responsibility, etc. | Publiés et annotés par Sigismond Lacroix. |
| 260 ## - PUBLICATION, DISTRIBUTION, ETC. | |
| Place of publication, distribution, etc. | Paris, |
| Name of publisher, distributor, etc. | L. Cerf, |
| Date of publication, distribution, etc. | 1894-98. |
| 300 ## - PHYSICAL DESCRIPTION | |
| Extent | 7 v. |
| Dimensions | 25 cm. |
| 490 0# - SERIES STATEMENT | |
| Series statement | Collection de documents relatifs à l'histoire de Paris pendant la Révolution française. Publiée sous la patronage du Conseil municipal |
| 500 ## - GENERAL NOTE | |
| General note | First series, "période de la municipalité provisoire." |
| 500 ## - GENERAL NOTE | |
| General note | Tome 1: Première Assemblée des représentants de la Commune, 25 juillet-18 sept. 1789. |
| 500 ## - GENERAL NOTE | |
| General note | Tome 2-7: Deuxième Assemblée des représentants de la Commune, Conseil de ville, Bureau de ville, 19 sept. 1789-8 oct 1790. |
| 500 ## - GENERAL NOTE | |
| General note | Each vol. contains also "Tables des journaux et ouvrages cités," and lists of representatives, or changes in personnel; t. 2, the composition of the Conseil de ville, the Tribunal de police, and the Comité des recherches; t. 7, an Appendice: Attributions des notables-adjoints de la Commune pour la procédure criminelle; Interdiction des combats de taureaux par le Département municipal de police; Admission des juifs de Paris aux droits de citoyens actifs; Fondation du Cercle social et de la Confedération universelle des amis de la vérité; Personnel du Comité militaire de la ville de Paris et des commandants de bataillon de la Garde nationale parisienne. |
| 500 ## - GENERAL NOTE | |
| General note | Supplemented by : Index alphabétique et analytique / Commune de Paris (France : 1789-1794). Published : Paris : L. Cerf, 1899- Call No. : DC194.A2 C7f Index |
| 651 #0 - SUBJECT ADDED ENTRY--GEOGRAPHIC NAME | |
| Geographic name | Paris (France) |
| General subdivision | History |
| Chronological subdivision | 1789-1799 |
| General subdivision | Sources. |
| 651 #0 - SUBJECT ADDED ENTRY--GEOGRAPHIC NAME | |
| Geographic name | Paris (France) |
| General subdivision | Politics and government. |
| 651 #0 - SUBJECT ADDED ENTRY--GEOGRAPHIC NAME | |
| Geographic name | France |
| General subdivision | History |
| Chronological subdivision | Revolution, 1789-1799 |
| General subdivision | Sources. |
| 651 #0 - SUBJECT ADDED ENTRY--GEOGRAPHIC NAME | |
| Geographic name | France |
| General subdivision | Politics and government |
| Chronological subdivision | 1789-1799. |
| 700 1# - ADDED ENTRY--PERSONAL NAME | |
| Personal name | Lacroix, Sigismond, |
| Dates associated with a name | 1845-1909, |
| Relator term | ed. |
No items available.